Statistics for F1 2019 Grid

Click here to take the quiz!

General Stats

  • This quiz has been taken 73 times
  • The average score is 19 of 20

Answer Stats

TeamDriver% Correct
MercedesLewis Hamilton
100%
Red BullMax Verstappen
100%
FerrariSebastian Vettel
100%
MercedesValtteri Bottas
100%
RenaultDaniel Ricciardo
98%
Ferrari Charles Leclerc
97%
Force IndiaSergio Perez
97%
SauberKimi Räikkönen
95%
HaasRomain Grosjean
95%
McLarenLando Norris
94%
Toro RossoDaniil Kvyat
92%
Force IndiaLance Stroll
92%
Red BullPierre Gasly
92%
Toro RossoAlexander Albon
90%
McLaren Carlos Sainz Jr
90%
HaasKevin Magnussen
89%
RenaultNico Hulkenberg
89%
WilliamsGeorge Russell
87%
WilliamsRobert Kubica
87%
SauberAntonio Giovinazzi
81%

Score Distribution

Percentile by Number Answered

Percent of People with Each Score

Your Score History

You have not taken this quiz